La Nièvre en images - Statistiques

Statistiques générales
  • Ce quiz a été pris 121 fois
    106 depuis la dernière actualisation
  • Le résultat moyen est 9 sur 18
Statistiques - réponses
Par images Hint Réponse % Correct
Préfecture Nevers
100%
Politicien François Mitterrand
83%
Parc naturel régional Parc naturel régional du Morvan
80%
Circuit automobile Circuit de Nevers Magny-Cours
71%
Race bovine Charolaise
64%
Industrie historique Faïence
58%
Route mythique Route Nationale 7
55%
Confluent Bec d'{Allier}
54%
Politicienne Roselyne Bachelot
54%
Région historique Nivernais
51%
Cheval de traie Nivernais
51%
Sous-préfecture Cosne-Cours-sur-Loire
42%
Pont Pont de Loire
27%
Voie cyclable Loire à vélo
23%
Sainte catholique Bernadette Soubirous
21%
Canal Canal latéral à la Loire
21%
Château Château de Bazoches
15%
Confiserie Nougatine de Nevers
13%
Aucun quiz correspondant
Distribution des résultats
% des personnes avec chaque résultat
Percentile par nombre de réponses
Votre historique - résultats
Vous n’avez pas pris ce quiz depuis la dernière actualisation